000
00207nam a22000857a 4500
999
_c
10923
_d
10923
008
180409b ||||| |||| 00| 0 eng d
100
_a
Arora Sumita
_9
6732
245
_a
Informatics Practices
260
_a
New Delhi